| 000 | 01085nam a22003617a 4500 | ||
|---|---|---|---|
| 001 | 0008468 | ||
| 003 | KOHA_MİRAKIL | ||
| 005 | 20260207001635.0 | ||
| 007 | ta | ||
| 008 | 091009b1989 tu |||gr||||#0|||0|tur | | ||
| 020 | _cTL2,5 | ||
| 040 |
_aTR-BiSEU _btur _cTR-BiSEU _erda |
||
| 041 | 0 | _atur | |
| 044 | _ctu | ||
| 050 |
_aDR589 _b.G87 1989 |
||
| 100 | 1 | _aGürel, Ziya. | |
| 245 | 1 |
_aKurtuluş savaşında demiryolculuk/ _cZiya Gürel ; Ziya Gürel. |
|
| 264 | 1 |
_aAnkara : _bTürk Tarih Kurumu Basımevi _c1989 |
|
| 300 |
_a154 s. [6] leaves of plates: ill., ports. ; _c23 cm. |
||
| 336 |
_ametin _btxt _2rdacontent |
||
| 337 |
_aaracısız _bn _2rdamedia |
||
| 338 |
_acilt _bnc _2rdacarrier |
||
| 490 | 1 | _aTürk Tarih Kurumu yayınları. | |
| 490 | 1 | _aXXV. | |
| 490 | 1 |
_adizi ; _vsa.9. |
|
| 650 | 0 |
_aMilitary railroads--Turkey--History. _921106 |
|
| 650 | 0 |
_aTurkey--History Revolution, 1918-1923. _913054 |
|
| 830 | 1 |
_aTürk Tarih Kurumu yayınları. _96704 |
|
| 830 | 1 |
_aXXV. _914976 |
|
| 830 | 1 |
_adizi ; _vsa.9. _910357 |
|
| 907 | _aTarih | ||
| 942 |
_2lcc _cBK |
||
| 999 |
_c8440 _d8440 |
||